Central Library OPAC University of Rajshahi

আধুনিক কাব্যের পটভূমি / (Record no. 48887)

MARC details
000 -LEADER
fixed length control field 00985nam a2200241 a 4500
001 - CONTROL NUMBER
control field 48887
003 - CONTROL NUMBER IDENTIFIER
rucl marc code BD-RjUL
005 - DATE AND TIME OF LATEST TRANSACTION
control field 20211209054613.0
008 - FIXED-LENGTH DATA ELEMENTS--GENERAL INFORMATION
fixed length control field 160816s1982 BG |||| |||| 00| 0 ben d
020 ## - INTERNATIONAL STANDARD BOOK NUMBER
Terms of availability :TK. 15.00
035 ## - SYSTEM CONTROL NUMBER
System control number (BD-RjUL)49006
040 ## - CATALOGING SOURCE
Original cataloging agency BD-RjUL
Language of cataloging ben
Transcribing agency BD-RjUL
041 ## - LANGUAGE CODE
Language code of text/sound track or separate title ben
082 ## - DEWEY DECIMAL CLASSIFICATION NUMBER
Edition number 23
Classification number 821.9109
Author mark and year ISA 1982
100 1# - MAIN ENTRY--PERSONAL NAME
Personal name আইজাকস, জে
9 (RLIN) 147229
245 10 - TITLE STATEMENT
Title আধুনিক কাব্যের পটভূমি /
Statement of responsibility, etc. হুমায়ন কবির , অনূদিত
260 ## - PUBLICATION, DISTRIBUTION, ETC. (IMPRINT)
Place of publication, distribution, etc. ঢাকা :
Name of publisher, distributor, etc. বাংলা একাডেমী,
Date of publication, distribution, etc. ১৯৮২
300 ## - PHYSICAL DESCRIPTION
Pagination ১০০ পৃ ;
Size ২১ সেমি.
650 ## - SUBJECT ADDED ENTRY--TOPICAL TERM
Topical term or geographic name as entry element আধুনিক কবিতা
General subdivision ইতিহাস ও সমালোচনা
Chronological subdivision ২০ শতাব্দী
9 (RLIN) 147303
Topical term or geographic name as entry element Modern Poetry
General subdivision History and criticism
Chronological subdivision 20th century
9 (RLIN) 147304
700 ## - ADDED ENTRY--PERSONAL NAME
Personal name কবির ,হুমায়ন, অনুবাদক
942 ## - ADDED ENTRY ELEMENTS (KOHA)
Source of classification or shelving scheme Dewey Decimal Classification
Koha item type Books
Holdings
Lost status Source of classification or shelving scheme Damaged status Not for loan Collection code Permanent Location Current Location Shelving location Date acquired Source of acquisition Cost, normal purchase price Total Checkouts Full call number Date last seen Copy number Koha item type
  Dewey Decimal Classification     Non-fiction Central Library, University of Rajshahi Central Library, University of Rajshahi   07/08/1983 Aligarh library 15.00   B 821.9109 ISA 1982 17/08/2016 C-2 Books
  Dewey Decimal Classification     Non-fiction Central Library, University of Rajshahi Central Library, University of Rajshahi   07/08/1983 Aligarh library 15.00   B 821.9109 ISA 1982 17/08/2016 C-3 Books